Las fiestas de Frida y Diego : recuerdos y recetas /

Salvato in:
Dettagli Bibliografici
Autore principale: Rivera Marín, Guadalupe (autor)
Altri autori: Colle Corcuera, Marie-Pierre (autor) (autor), Urquiza, Ignacio (fotógrafo) (fotógrafo)
Natura: Libro
Lingua:spagnolo
Pubblicazione: México : Promexa, 1994, c1994
Soggetti:
Tags: Aggiungi Tag
Nessun Tag, puoi essere il primo ad aggiungerne!!

MARC

LEADER 00000nam^a2200000^a^4500
001 000053031
005 20250521000000.0
009 20260310090417.18
020 |a 968-39-1181-1 
037 |a Acervo ITESO - Biblioteca 
041 |a ESP 
082 |a 641. 50972  |b RIV 
100 |a Rivera Marín, Guadalupe  |e (autor) 
245 1 4 |a Las fiestas de Frida y Diego :  |b recuerdos y recetas /  |c G. Rivera Marín, M.P. Colle Corcuera ; fotografía de I. Urquiza. 
264 4 |a México :  |b Promexa,  |c 1994, c1994 
300 |a 223 p. 
336 |a texto  |b txt  |2 rdacontenido 
337 |a sin mediación  |b n  |2 rdamedio 
338 |a volumen  |b nc  |2 rdasoporte 
649 |a XX 
650 |a Pintores Mexicanos -  |x Biografías 
650 |a Mujeres Mexicanas -  |x Biografías 
650 |a Cocina Mexicana -  |x Recetarios -  |x Tema Principal 
650 |a Pintura Mexicana 
650 |a Fiestas de Vida Cotidiana -  |z México 
650 |a Rivera, Diego 
650 |a Kahlo, Frida 
700 |a Colle Corcuera, Marie-Pierre  |e (autor) 
700 |a Urquiza, Ignacio  |e (fotógrafo) 
910 |a Fondo General 
920 |a Impresos - Libros 
930 |a Reserva Especial 
905 |a 103 
901 |a 0500062226  |b IT1  |c REE  |u 20250521 
902 |a https://opac.biblio.iteso.mx/vufind/Record/000053031